000 00414nam a2200157Ia 4500
008 160316s1999 xxu||||| |||| 00| 0 eng d
082 _a346.017200
_bSOU
100 _a
245 _aThe review of the child care act
250 _a
260 _aSouth Africa
_bSouth African Law Commission
_c1999
300 _a46
_b
_c
365 _b
650 _a1. child care act 2. upper guardian of children
700 _a
_a
999 _c33359
_d33359